00273nam a22001097a 4500020001500000082001600015100002700031245003200058260005200090300001000142650001100152 a8174354743 a297.124 SHA aShaikh, Khalid Mahmood aHadith & Its Literary Style aNew DelhibAdam Publishers & Distributorsc2006 a153 P aHadith